Lucida follia : lettere d'amore a Lina /

Già raggiunto il successo con la pubblicazione del suo primo romanzo Una donna (1906), in cui raccontava l'abbandono della casa coniugale per conquistare la propria indipendenza, Sibilla Aleramo conobbe a Roma, al primo Congresso nazionale delle donne italiane (1908), la giovane intellettuale ravenn...

Descripció completa

Guardat en:
Dades bibliogràfiques
Autor principal: Aleramo, Sibilla (Autor)
Altres autors: Cenni, Alessandra (Editor)
Format: Llibre
Idioma:italià
Publicat: Roma : Castelvecchi, 2023
Col·lecció:Cahiers
Matèries:
Etiquetes: Afegir etiqueta
Sense etiquetes, Sigues el primer a etiquetar aquest registre!

MARC

LEADER 00000nam a2200000 i 4500
001 IT\ICCU\TO1\0041571
003 ItRI
005 20260115232058.0
008 230213s2023 it |||||| ||||| |||||c
015 |2 IT  |a 2024-2195 
020 |a 9788832909630 
040 |b ita  |c importazione bologna sebina 
041 7 |a ita  |2 ISO-639-2 
082 |a 853.912  |9 NARRATIVA ITALIANA, 1900-1945  |2 23 
100 1 |a Aleramo, Sibilla  |0 IT\ICCU\CFIV\012483  |4 aut 
240 1 0 |a Lettere d'amore a Lina  |3 IT\ICCU\SBN\0095152  |9 Aleramo, Sibilla 
245 1 0 |a Lucida follia :  |b lettere d'amore a Lina /  |c Sibilla Aleramo ; a cura di Alessandra Cenni. 
260 |a Roma :  |b Castelvecchi,  |c 2023 
300 |a 147 p. ;  |c 21 cm 
500 |a Pubblicato precedentemente con il titolo: Lettere d'amore a Lina 
520 |a Già raggiunto il successo con la pubblicazione del suo primo romanzo Una donna (1906), in cui raccontava l'abbandono della casa coniugale per conquistare la propria indipendenza, Sibilla Aleramo conobbe a Roma, al primo Congresso nazionale delle donne italiane (1908), la giovane intellettuale ravennate Cordula (Lina Poletti), con la quale iniziò una travolgente storia d'amore. Sono qui raccolte le lettere che Aleramo le scrisse, scoperte e curate da Alessandra Cenni, quale importante documento di storia letteraria e testimonianza dei pionieristici tentativi di cambiare e aprire le relazioni d'amore mettendo al centro l'esperienza dell'amore omosessuale, appassionatamente vissuto e lucidamente analizzato in tutte le sue rivoluzionarie componenti. (Fonte: editore) 
650 7 |a Aleramo, Sibilla  |x Lettere e carteggi  |2 scbi 
700 1 |a Cenni, Alessandra  |0 IT\ICCU\CFIV\031274  |4 edt 
790 1 |a Aleramo, Simpila  |3 IT\ICCU\PUVV\323345  |z Aleramo, Sibilla 
790 1 |a Faccio, Marta Felicina  |3 IT\ICCU\SBNV\051180  |z Aleramo, Sibilla 
790 1 |a Faccio, Rina  |3 IT\ICCU\CFIV\012531  |z Aleramo, Sibilla 
790 1 |a Pierangeli Faccio, Rina  |3 IT\ICCU\CAGV\479753  |z Aleramo, Sibilla 
830 0 |a Cahiers  |0 IT\ICCU\UBO\4161382 
942 |2 ddc  |c BK  |n 0 
952 |0 0  |1 0  |4 0  |6 L_856_912000000000000_ALE  |7 0  |9 19637  |a BO  |b BO  |d 2026-01-15  |i 20277  |l 0  |o L 856.912 ALE  |p BO20277  |r 2026-01-15 23:20:58  |w 2026-01-15  |x [Sebina 5] [1 v.]  |y BK  |z 1 v. 
999 |c 16737  |d 16737